000 00861nam a22002897a 4500
003 CHAP
005 20220329140817.0
008 971013s1955 r 00010 eng d
010 _a57985
011 _a58957
035 _a63114
040 _cCHAP
090 _aR-787
100 0 0 _aSmith, Albert C.
_9106949
245 1 _aBotanical studies in Fiji
500 _aSobretiro de : Smithsonian Report 1954. pp. 305-315, 1955
590 _aBATCH-UPD
_b10
_c20130110
_lUCH01
_h0135
590 _aBATCH-UPD
_b10
_c20130110
_lUCH01
_h2119
590 _aBATCH-UPD
_b10
_c20130409
_lUCH01
_h2132
590 _aBATCH-UPD
_b10
_c20130914
_lUCH01
_h0734
590 _aCONVERSION
_b10
_c20130109
_lUCH01
_h1331
650 1 4 _aBotánica
_xIslas Fiji.
_914574
650 1 4 _aIslas Fiji.
_960594
901 _aBK
942 _cREIMP
949 _aR-787
_bBC
_cR
_d-135397
_eTS1
_i63114
_si
999 _c57985
_d57985